| 000 | 00439nam a2200145Ia 4500 | ||
|---|---|---|---|
| 008 | 230312s9999||||xx |||||||||||||| ||und|| | ||
| 020 | _a978-8121921992 | ||
| 082 |
_a621.3815 _bTHE-P |
||
| 100 | _aTheraja;B.L | ||
| 245 | 0 | _aPrinciples of electronic Devices and Circuits: Analog and Digital | |
| 260 |
_bS.Chand _aIndia _c2016 |
||
| 300 | _a593 | ||
| 650 |
_aEngineering _vElectronics/ Computer science/Information Technology |
||
| 942 | _cBK | ||
| 999 |
_c14133 _d14133 |
||